Squads since 2010: FC Barcelona - Statistics

General Stats
  • This quiz has been taken 698 times
    480 since last reset
  • The average score is 260 of 423
Answer Stats
Season Country Pos. # Player % Correct
23/24 Germany GK 1 Marc-André Ter Stegen
99%
22/23 Germany GK 1 Marc-André ter Stegen
99%
21/22 Germany GK 1 Marc-André ter Stegen
99%
20/21 Germany GK 1 Marc-André ter Stegen
99%
19/20 Germany GK 1 Marc-André ter Stegen
99%
18/19 Germany GK 1 Marc-André ter Stegen
99%
17/18 Germany GK 1 Marc-André ter Stegen
99%
16/17 Germany GK 1 Marc-André ter Stegen
99%
15/16 Germany GK 1 Marc-André ter Stegen
99%
14/15 Germany GK 1 Marc-André ter Stegen
99%
14/15 Portugal DF 32 Edgar Ié
95%
20/21 Argentina FW 10 Lionel Messi
94%
19/20 Argentina FW 10 Lionel Messi
94%
18/19 Argentina FW 10 Lionel Messi
94%
17/18 Argentina FW 10 Lionel Messi
94%
16/17 Argentina FW 10 Lionel Messi
94%
15/16 Argentina FW 10 Lionel Messi
94%
14/15 Argentina FW 10 Lionel Messi
94%
13/14 Argentina FW 10 Lionel Messi
94%
12/13 Argentina FW 10 Lionel Messi
94%
11/12 Argentina FW 10 Lionel Messi
94%
10/11 Argentina FW 10 Lionel Messi
94%
23/24 Poland FW 9 Robert Lewandowski
94%
22/23 Poland FW 9 Robert Lewandowski
94%
22/23 Spain DF 3* Gerard Piqué
93%
21/22 Spain DF 3 Gerard Piqué
93%
20/21 Spain DF 3 Gerard Piqué
93%
19/20 Spain DF 3 Gerard Piqué
93%
18/19 Spain DF 3 Gerard Piqué
93%
17/18 Spain DF 3 Gerard Piqué
93%
16/17 Spain DF 3 Gerard Piqué
93%
15/16 Spain DF 3 Gerard Piqué
93%
14/15 Spain DF 3 Gerard Piqué
93%
13/14 Spain DF 3 Gerard Piqué
93%
12/13 Spain DF 3 Gerard Piqué
93%
11/12 Spain DF 3 Gerard Piqué
93%
10/11 Spain DF 3 Gerard Piqué
93%
23/24 Uruguay DF 4 Ronald Araújo
93%
22/23 Uruguay DF 4 Ronald Araújo
93%
21/22 Uruguay DF 4 Ronald Araújo
93%
20/21 Uruguay DF 4 Ronald Araújo
93%
19/20 Uruguay DF 33 Ronald Araújo
93%
17/18 Spain MF 8 Andrés Iniesta
92%
16/17 Spain MF 8 Andrés Iniesta
92%
15/16 Spain MF 8 Andrés Iniesta
92%
14/15 Spain MF 8 Andrés Iniesta
92%
13/14 Spain MF 8 Andrés Iniesta
92%
12/13 Spain MF 8 Andrés Iniesta
92%
11/12 Spain MF 8 Andrés Iniesta
92%
10/11 Spain MF 8 Andrés Iniesta
92%
19/20 Uruguay FW 9 Luis Suárez
92%
18/19 Uruguay FW 9 Luis Suárez
92%
17/18 Uruguay FW 9 Luis Suárez
92%
16/17 Uruguay FW 9 Luis Suárez
92%
15/16 Uruguay FW 9 Luis Suárez
92%
14/15 Uruguay FW 9 Luis Suárez
92%
16/17 Brazil FW 11 Neymar Júnior
92%
15/16 Brazil FW 11 Neymar Júnior
92%
14/15 Brazil FW 11 Neymar Júnior
92%
13/14 Brazil FW 11 Neymar Júnior
92%
23/24 Spain MF 8 Pedri González
92%
22/23 Spain MF 8 Pedri González
92%
21/22 Spain MF 16 Pedri González
92%
20/21 Spain MF 16 Pedri González
92%
14/15 Spain MF 6 Xavi Hernández
92%
13/14 Spain MF 6 Xavi Hernández
92%
12/13 Spain MF 6 Xavi Hernández
92%
11/12 Spain MF 6 Xavi Hernández
92%
10/11 Spain MF 6 Xavi Hernández
92%
10/11 Venezuela FW 11 Jeffrén Suárez
91%
23/24 Brazil FW 11 Raphinha
91%
22/23 Brazil FW 22 Raphinha
91%
22/23 Spain MF 5 Sergio Busquets
91%
21/22 Spain MF 5 Sergio Busquets
91%
20/21 Spain MF 5 Sergio Busquets
91%
19/20 Spain MF 5 Sergio Busquets
91%
18/19 Spain MF 5 Sergio Busquets
91%
17/18 Spain MF 5 Sergio Busquets
91%
16/17 Spain MF 5 Sergio Busquets
91%
15/16 Spain MF 5 Sergio Busquets
91%
14/15 Spain MF 5 Sergio Busquets
91%
13/14 Spain MF 16 Sergio Busquets
91%
11/12 Spain MF 16 Sergio Busquets
91%
10/11 Spain MF 16 Sergio Busquets
91%
18/19 Spain MF 6* Denis Suárez
90%
17/18 Spain MF 6 Denis Suárez
90%
16/17 Spain MF 6 Denis Suárez
90%
23/24 Netherlands MF 21 Frenkie de Jong
90%
22/23 Netherlands MF 21 Frenkie de Jong
90%
21/22 Netherlands MF 21 Frenkie de Jong
90%
20/21 Netherlands MF 21 Frenkie de Jong
90%
19/20 Netherlands MF 21 Frenkie de Jong
90%
19/20 Croatia MF 4 Ivan Rakitić
90%
18/19 Croatia MF 4 Ivan Rakitić
90%
17/18 Croatia MF 4 Ivan Rakitić
90%
16/17 Croatia MF 4 Ivan Rakitić
90%
15/16 Croatia MF 4 Ivan Rakitić
90%
14/15 Croatia MF 4 Ivan Rakitić
90%
21/22 Netherlands FW 17 Luuk de Jong
90%
18/19 Spain MF 35 Oriol Busquets
90%
17/18 Spain MF 30 Oriol Busquets
90%
23/24 Spain MF 6 Pablo Gavi
90%
22/23 Spain MF 30 Pablo Gavi
90%
21/22 Spain MF 30 Pablo Gavi
90%
12/13 Spain MF 16 Sergi Busquets
90%
23/24 Denmark DF 15 Andreas Christensen
86%
22/23 Denmark DF 15 Andreas Christensen
86%
23/24 Spain FW 27 Lamine Yamal
85%
22/23 Spain FW 41 Lamine Yamal
85%
21/22 Brazil DF 8 Dani Alves
84%
15/16 Brazil DF 6 Dani Alves
84%
14/15 Brazil DF 22 Dani Alves
84%
13/14 Brazil DF 22 Dani Alves
84%
12/13 Brazil DF 2 Dani Alves
84%
11/12 Brazil DF 2 Dani Alves
84%
10/11 Brazil DF 2 Dani Alves
84%
23/24 Spain FW 7 Ferran Torres
83%
22/23 Spain FW 11 Ferran Torres
83%
21/22 Spain FW 19 Ferran Torres
83%
13/14 Spain DF 5 Carles Puyol
82%
12/13 Spain DF 5 Carles Puyol
82%
11/12 Spain DF 5 Carles Puyol
82%
10/11 Spain DF 5 Carles Puyol
82%
22/23 France FW 7 Ousmane Dembélé
82%
21/22 France FW 7 Ousmane Dembélé
82%
20/21 France FW 11 Ousmane Dembélé
82%
19/20 France FW 11 Ousmane Dembélé
82%
18/19 France FW 11 Ousmane Dembélé
82%
17/18 France FW 11 Ousmane Dembélé
82%
13/14 Spain GK 1 Víctor Valdés
82%
12/13 Spain GK 1 Víctor Valdés
82%
11/12 Spain GK 1 Víctor Valdés
82%
10/11 Spain GK 1 Víctor Valdés
82%
23/24 Spain FW 10** Ansu Fati
81%
22/23 Spain FW 10 Ansu Fati
81%
21/22 Spain FW 10 Ansu Fati
81%
20/21 Spain FW 22 Ansu Fati
81%
19/20 Spain FW 31 Ansu Fati
81%
22/23 Spain DF 18 Jordi Alba
81%
21/22 Spain DF 18 Jordi Alba
81%
20/21 Spain DF 18 Jordi Alba
81%
19/20 Spain DF 18 Jordi Alba
81%
18/19 Spain DF 18 Jordi Alba
81%
17/18 Spain DF 18 Jordi Alba
81%
16/17 Spain DF 18 Jordi Alba
81%
15/16 Spain DF 18 Jordi Alba
81%
14/15 Spain DF 18 Jordi Alba
81%
13/14 Spain DF 18 Jordi Alba
81%
12/13 Spain DF 18 Jordi Alba
81%
16/17 Chile GK 13** Claudio Bravo
80%
15/16 Chile GK 13 Claudio Bravo
80%
14/15 Chile GK 13 Claudio Bravo
80%
17/18 Argentina DF 14* Javier Mascherano
80%
16/17 Argentina DF 14 Javier Mascherano
80%
15/16 Argentina DF 14 Javier Mascherano
80%
14/15 Argentina DF 14 Javier Mascherano
80%
13/14 Argentina DF 14 Javier Mascherano
80%
12/13 Argentina DF 14 Javier Mascherano
80%
11/12 Argentina DF 14 Javier Mascherano
80%
10/11 Argentina MF 14 Javier Mascherano
80%
23/24 Portugal DF 2 João Cancelo
80%
21/22 France FW 7** Antoine Griezmann
79%
20/21 France FW 7 Antoine Griezmann
79%
19/20 France FW 17 Antoine Griezmann
79%
23/24 Spain DF 3 Alejandro Balde
77%
22/23 Spain DF 28 Alejandro Balde
77%
21/22 Spain DF 31 Alejandro Balde
77%
16/17 Turkey MF 7 Arda Turan
77%
15/16 Turkey MF 7 Arda Turan
77%
23/24 France DF 23 Jules Koundé
77%
22/23 France DF 23 Jules Koundé
77%
22/23 Gabon FW 17** Pierre-Emerick Aubameyang
77%
21/22 Gabon FW 25 Pierre-Emerick Aubameyang
77%
15/16 Spain FW 7** Pedro Rodríguez
76%
14/15 Spain FW 7 Pedro Rodríguez
76%
13/14 Spain FW 7 Pedro Rodríguez
76%
12/13 Spain FW 17 Pedro Rodríguez
76%
11/12 Spain FW 17 Pedro Rodríguez
76%
10/11 Spain FW 17 Pedro Rodríguez
76%
21/22 France DF 23 Samuel Umtiti
76%
20/21 France DF 23 Samuel Umtiti
76%
19/20 France DF 23 Samuel Umtiti
76%
18/19 France DF 23 Samuel Umtiti
76%
17/18 France DF 23 Samuel Umtiti
76%
16/17 France DF 23 Samuel Umtiti
76%
17/18 Spain DF 22 Aleix Vidal
75%
16/17 Spain DF 22 Aleix Vidal
75%
15/16 Spain DF 22 Aleix Vidal
75%
13/14 Chile FW 9 Alexis Sánchez
75%
12/13 Chile FW 9 Alexis Sánchez
75%
11/12 Chile FW 9 Alexis Sánchez
75%
19/20 Chile MF 22 Arturo Vidal
75%
18/19 Chile MF 22 Arturo Vidal
75%
12/13 Spain FW 7 David Villa
75%
11/12 Spain FW 7 David Villa
75%
10/11 Spain FW 7 David Villa
75%
22/23 Spain MF 32 Pablo Torre
75%
21/22 United States DF 2 Sergiño Dest
75%
20/21 United States DF 2 Sergiño Dest
75%
22/23 Netherlands FW 14 Memphis Depay
73%
21/22 Netherlands FW 9 Memphis Depay
73%
23/24 Spain DF 5 Íñigo Martínez
72%
23/24 Spain DF 33 Pau Cubarsí
72%
23/24 Spain DF 20 Sergi Roberto
72%
22/23 Spain DF 20 Sergi Roberto
72%
21/22 Spain DF 20 Sergi Roberto
72%
20/21 Spain DF 20 Sergi Roberto
72%
19/20 Spain DF 20 Sergi Roberto
72%
18/19 Spain DF 20 Sergi Roberto
72%
17/18 Spain DF 20 Sergi Roberto
72%
16/17 Spain DF 20 Sergi Roberto
72%
15/16 Spain DF 20 Sergi Roberto
72%
14/15 Spain MF 20 Sergi Roberto
72%
13/14 Spain MF 24 Sergi Roberto
72%
12/13 Spain MF 28 Sergi Roberto
72%
11/12 Spain MF 30 Sergi Roberto
72%
10/11 Spain MF 28 Sergi Roberto
72%
23/24 Portugal FW 14 João Félix
71%
10/11 Sweden FW 9** Zlatan Ibrahimović
71%
21/22 France DF 15 Clément Lenglet
70%
20/21 France DF 15 Clément Lenglet
70%
19/20 France DF 15 Clément Lenglet
70%
18/19 France DF 15 Clément Lenglet
70%
19/20 Portugal DF 2 Nélson Semedo
70%
18/19 Portugal DF 2 Nélson Semedo
70%
17/18 Portugal DF 2 Nélson Semedo
70%
21/22 Brazil MF 14* Philippe Coutinho
70%
20/21 Brazil MF 14 Philippe Coutinho
70%
18/19 Brazil MF 7 Philippe Coutinho
70%
17/18 Brazil MF 14 Philippe Coutinho
70%
23/24 Germany MF 22 İlkay Gündoğan
68%
23/24 Spain GK 13 Iñaki Peña
67%
22/23 Spain GK 13 Iñaki Peña
67%
18/19 Netherlands GK 13 Jasper Cillessen
67%
17/18 Netherlands GK 13 Jasper Cillessen
67%
16/17 Netherlands GK 13 Jasper Cillessen
67%
23/24 Spain DF 24** Eric Garcia
65%
22/23 Spain DF 24 Eric Garcia
65%
21/22 Spain DF 24 Eric Garcia
65%
20/21 Bosnia & Herzegovina MF 8 Miralem Pjanić
64%
12/13 France DF 22 Éric Abidal
62%
11/12 France DF 22 Éric Abidal
62%
10/11 France DF 22 Éric Abidal
62%
19/20 Brazil MF 12** Rafinha Alcántara
62%
18/19 Brazil MF 12 Rafinha Alcántara
62%
17/18 Brazil MF 12* Rafinha Alcántara
62%
16/17 Brazil MF 12 Rafinha Alcántara
62%
15/16 Brazil MF 12 Rafinha Alcántara
62%
14/15 Brazil MF 12 Rafinha Alcántara
62%
12/13 Brazil MF 30 Rafinha Alcántara
62%
11/12 Brazil MF 34 Rafinha Alcántara
62%
22/23 Ivory Coast MF 19 Franck Kessié
60%
23/24 Spain MF 16 Fermín López
59%
11/12 Mali MF 15 Seydou Keita
59%
10/11 Mali MF 15 Seydou Keita
59%
19/20 Brazil MF 8 Arthur Melo
58%
18/19 Brazil MF 8 Arthur Melo
58%
13/14 Spain MF 4 Cesc Fàbregas
58%
12/13 Spain MF 4 Cesc Fàbregas
58%
11/12 Spain MF 4 Cesc Fàbregas
58%
17/18 Portugal MF 21 André Gomes
57%
16/17 Portugal MF 21 André Gomes
57%
21/22 Denmark FW 12 Martin Braithwaite
56%
20/21 Denmark FW 9 Martin Braithwaite
56%
19/20 Denmark FW 19 Martin Braithwaite
56%
17/18 Brazil MF 15 Paulinho Bezerra
56%
18/19 Belgium DF 24 Thomas Vermaelen
56%
17/18 Belgium DF 25 Thomas Vermaelen
56%
15/16 Belgium DF 23 Thomas Vermaelen
56%
14/15 Belgium DF 23 Thomas Vermaelen
56%
21/22 Brazil GK 13 Norberto Neto
53%
20/21 Brazil GK 13 Norberto Neto
53%
19/20 Brazil GK 13 Norberto Neto
53%
23/24 Spain MF 30 Marc Casadó
52%
10/11 Spain DF 33 Sergi Gómez
52%
12/13 Spain MF 11 Thiago Alcántara
51%
11/12 Spain MF 11 Thiago Alcántara
51%
10/11 Spain MF 30 Thiago Alcántara
51%
16/17 France DF 24 Jérémy Mathieu
50%
15/16 France DF 24 Jérémy Mathieu
50%
14/15 France DF 24 Jérémy Mathieu
50%
18/19 Morocco FW 19* Munir El Haddadi
48%
16/17 Morocco FW 17** Munir El Haddadi
48%
15/16 Morocco FW 17 Munir El Haddadi
48%
14/15 Morocco FW 31 Munir El Haddadi
48%
18/19 Brazil FW 14 Malcom Silva
47%
17/18 Colombia DF 24 Yerry Mina
47%
15/16 Brazil DF 21 Adriano Correia
45%
14/15 Brazil DF 21 Adriano Correia
45%
13/14 Brazil DF 21 Adriano Correia
45%
12/13 Brazil DF 21 Adriano Correia
45%
11/12 Brazil MF 21 Adriano Correia
45%
10/11 Brazil MF 21 Adriano Correia
45%
13/14 Cameroon MF 17 Alex Song
45%
12/13 Cameroon MF 25 Alex Song
45%
23/24 Brazil FW 19 Vitor Roque
45%
21/22 Spain FW 11 Adama Traoré
44%
14/15 Spain FW 27 Adama Traoré
44%
13/14 Spain FW 28 Adama Traoré
44%
10/11 Spain FW 9 Bojan Krkić
44%
23/24 Morocco FW 16** Ez Abde
44%
21/22 Morocco FW 33 Ez Abde
44%
11/12 Brazil DF 19* Maxwell Andrade
44%
10/11 Brazil DF 19 Maxwell Andrade
44%
13/14 Spain GK 13 José Manuel Pinto
42%
12/13 Spain GK 13 José Manuel Pinto
42%
11/12 Spain FW 13 José Manuel Pinto
42%
10/11 Spain GK 13 José Manuel Pinto
42%
13/14 Mexico MF 12 Jonathan dos Santos
41%
12/13 Mexico MF 12 Jonathan dos Santos
41%
11/12 Mexico MF 28 Jonathan dos Santos
41%
10/11 Mexico MF 34 Jonathan dos Santos
41%
17/18 France DF 19 Lucas Digne
39%
16/17 France DF 19 Lucas Digne
39%
20/21 Portugal FW 17 Francisco Trincão
38%
21/22 Argentina FW 19* Sergio Agüero
38%
23/24 Spain MF 18 Oriol Romeu
37%
10/11 Spain MF 37 Oriol Romeu
37%
23/24 Spain DF 39 Héctor Fort
36%
16/17 Spain DF 35 Borja López
35%
23/24 Spain DF 17 Marcos Alonso
35%
22/23 Spain DF 17 Marcos Alonso
35%
15/16 Spain DF 15 Marc Bartra
34%
14/15 Spain DF 15 Marc Bartra
34%
13/14 Spain DF 15 Marc Bartra
34%
12/13 Spain DF 15 Marc Bartra
34%
11/12 Spain DF 32 Marc Bartra
34%
10/11 Spain DF 32 Marc Bartra
34%
21/22 Spain MF 6 Riqui Puig
33%
20/21 Spain MF 12 Riqui Puig
33%
19/20 Spain MF 28 Riqui Puig
33%
18/19 Spain MF 28 Riqui Puig
33%
17/18 Spain FW 17 Paco Alcácer
32%
16/17 Spain FW 17 Paco Alcácer
32%
13/14 Netherlands FW 19 Ibrahim Afellay
31%
11/12 Netherlands FW 20 Ibrahim Afellay
31%
10/11 Netherlands FW 20 Ibrahim Afellay
31%
21/22 Spain DF 22* Óscar Mingueza
31%
20/21 Spain DF 28 Óscar Mingueza
31%
18/19 Ghana FW 19 Kevin-Prince Boateng
28%
23/24 Spain FW 38 Marc Guiu
28%
14/15 Spain DF 2 Martín Montoya
28%
13/14 Spain DF 2 Martín Montoya
28%
12/13 Spain DF 19 Martín Montoya
28%
11/12 Spain DF 35 Martín Montoya
28%
10/11 Spain DF 40 Martín Montoya
28%
22/23 Spain DF 2* Héctor Bellerín
27%
19/20 France DF 6* Jean-Clair Todibo
27%
18/19 France DF 6 Jean-Clair Todibo
27%
20/21 Brazil MF 19 Matheus Fernandes
27%
21/22 Spain MF 14 Nico González
27%
15/16 Brazil DF 2 Douglas Pereira
26%
14/15 Brazil DF 16 Douglas Pereira
26%
17/18 Spain FW 16 Gerard Deulofeu
26%
12/13 Spain FW 27 Gerard Deulofeu
26%
11/12 Spain FW 27 Gerard Deulofeu
26%
21/22 Austria FW 11* Yusuf Demir
26%
10/11 Argentina DF 18 Gaby Milito
25%
20/21 Guinea MF 27 Ilaix Moriba
25%
20/21 Spain MF 6* Carles Aleñá
23%
19/20 Spain MF 19* Carles Aleñá
23%
18/19 Spain MF 21 Carles Aleñá
23%
17/18 Spain MF 26 Carles Aleñá
23%
16/17 Spain MF 28 Carles Aleñá
23%
18/19 Colombia DF 17 Jeison Murillo
23%
21/22 Brazil DF 22 Emerson Royal
21%
11/12 Spain FW 23 Isaac Cuenca
21%
18/19 Spain DF 33 Jorge Cuenca
21%
15/16 Spain FW 19 Sandro Ramírez
21%
14/15 Spain FW 29 Sandro Ramírez
21%
13/14 Spain FW 20 Cristian Tello
20%
12/13 Spain FW 37 Cristian Tello
20%
11/12 Spain FW 37 Cristian Tello
20%
14/15 Croatia MF 30 Alen Halilović
19%
15/16 Spain GK 25 Jordi Masip
18%
14/15 Spain GK 25 Jordi Masip
18%
20/21 Spain DF 24 Junior Firpo
18%
19/20 Spain DF 24 Junior Firpo
18%
17/18 Spain DF 36 Marc Cucurella
18%
18/19 Spain MF 16* Sergi Samper
17%
16/17 Spain MF 16** Sergi Samper
17%
15/16 Spain MF 26 Sergi Samper
17%
14/15 Spain MF 26 Sergi Samper
17%
22/23 Morocco DF 35 Chadi Riad
16%
16/17 Brazil DF 33 Marlon Santos
16%
19/20 Senegal DF 16* Moussa Wagué
16%
18/19 Senegal DF 40 Moussa Wagué
16%
19/20 Spain FW 27 Carles Pérez
15%
18/19 Spain FW 43 Carles Pérez
15%
20/21 United States FW 29 Konrad de la Fuente
15%
21/22 Spain FW 29 Ferran Jutglà
13%
21/22 Spain FW 37 Ilias Akhomach
13%
18/19 Spain FW 29 Abel Ruiz
11%
19/20 Spain MF 30 Álex Collado
10%
18/19 Spain MF 34 Álex Collado
10%
18/19 Spain DF 27 Juan Miranda
10%
11/12 Spain DF 26 Marc Muniesa
10%
13/14 Cameroon FW 29 Jean Marie Dongou
9%
11/12 Spain DF 24 Andreu Fontàs
8%
10/11 Spain DF 26 Andreu Fontàs
8%
10/11 Spain FW 29 Víctor Vázquez
8%
21/22 Spain FW 39 Estanis Pedrola
7%
22/23 Spain FW 38 Ángel Alarcón
6%
22/23 Spain MF 40 Aleix Garrido
5%
15/16 Spain MF 28 Gerard Gumbau
5%
14/15 Spain MF 35 Gerard Gumbau
5%
21/22 Spain DF 41 Mika Mármol
5%
10/11 Spain FW 27 Nolito Agudo
5%
15/16 Cameroon MF 34 Wilfred Kaptoum
5%
22/23 Spain MF 34 Álvaro Sanz
4%
21/22 Spain MF 34 Álvaro Sanz
4%
16/17 Spain FW 39 Marc Cardona
4%
12/13 Spain DF 29 Carles Planas
3%
18/19 Spain DF 36 Chumi
3%
17/18 Spain DF 39 David Costas
3%
16/17 Spain DF 31 Nili
3%
13/14 Spain MF 27 Patric Gabarrón
3%
15/16 Spain FW 33* Aitor Cantalapiedra
2%
16/17 Spain FW 30 Àlex Carbonell
2%
17/18 Spain FW 37 José Arnaiz
2%
15/16 Spain MF 27 Juan Cámara
2%
10/11 Spain GK 31 Rubén Miño
2%
11/12 Spain MF 29 Martí Riverola
1%
No matching quizzes found
Score Distribution
Percent of People with Each Score
Percentile by Number Answered
Your Score History
You have not taken this quiz since the last reset